| 000 | 00519nam a2200169Ia 4500 | ||
|---|---|---|---|
| 008 | 220216s9999 xx 000 0 und d | ||
| 100 | _aGhosh Arun | ||
| 245 | 0 | _aDependence of physical properties and processing behavior of blends of silicone rubber and fluororubber on blend morphology | |
| 260 |
_bRubber Chemistry and Technology _c2004 |
||
| 300 | _a856-872 | ||
| 650 | _aBlend morphology | ||
| 650 | _aBlends | ||
| 650 | _aPhysical properties | ||
| 650 | _aSilicone rubber | ||
| 700 | _aDe S K | ||
| 942 | _cJS | ||
| 999 |
_c56802 _d56802 |
||